Présidents américains décédés pendant leur mandat. - Statistiques

Statistiques générales
  • Ce quiz a été pris 27 fois
  • Le résultat moyen est 4 sur 8
Statistiques - réponses
Réponse % Correct
John Fitzgerald Kennedy
96%
Abraham Lincoln
81%
Franklin Delano Roosevelt
62%
James Abram Garfield
46%
William McKinley
38%
William Henry Harrison
35%
Warren Gamaliel Harding
31%
Zachary Taylor
27%
Aucun quiz correspondant
Distribution des résultats
% des personnes avec chaque résultat
Percentile par nombre de réponses
Votre historique - résultats
Vous n’avez pas pris ce quiz